| 000 | 00652nam a2200217 a 4500 | ||
|---|---|---|---|
| 005 | 20140310183310.0 | ||
| 008 | 050914s19uu xx 00 eng d | ||
| 020 | _a1403902623 | ||
| 050 |
_aRC 440 _b.M549 2004 |
||
| 245 |
_aMental health nursing : _bcompetencies for practice / _cedited by Stephan Kirby. |
||
| 260 |
_aNew York : _bPalgrave McMillan, _c2004. |
||
| 300 |
_a489 p. : _c23 cm. |
||
| 650 | _aPsychiatric nursing. | ||
| 650 |
_aMental disorders _xNursing. |
||
| 650 |
_aPsychiatric nursing _xMethods. |
||
| 700 | _aHart, Denis A. | ||
| 700 | _aCross, Dennis | ||
| 700 | _aMitchell, Gordon | ||
| 942 |
_cBK _2lcc _kFOR |
||
| 999 |
_c21131 _d21131 |
||